| 000 | 00956nam a2200253Ia 4500 | ||
|---|---|---|---|
| 003 | OSt | ||
| 005 | 20221005113221.0 | ||
| 006 | a|||||r|||| 00| 0 | ||
| 007 | ta | ||
| 008 | 221004b |||||||| |||| 00| 0 pan d | ||
| 020 |
_a9789382245100 (hbk) _c170 |
||
| 024 | _a12564 | ||
| 037 |
_b823, 13/03/2014, H.K. Prakashan _cTextual |
||
| 040 |
_aCRL _cCRL _bpan |
||
| 041 |
_2pan _apan |
||
| 082 | _aV2:19(C9B2).P, 153Q2 | ||
| 100 | _aਧੀਰ, ਕੁਲਦੀਪ ਸਿੰਘ | ||
| 245 | 0 | _aਭਾਰਤੀ ਐਟਮ ਬੰਬ ਦਾ ਮਹਾਂ ਬਿਰਤਾਂਤ | |
| 260 |
_aਪਟਿਆਲਾ _bਸਾਈ੍ਵਸ ਐ੍ਵਡ ਜਨਰਲ ਪਬਲੀFਰਗ਼ ਭਾਰਤ _c2012 |
||
| 300 |
_a144ਪੰ _ccm. |
||
| 650 | _aਭਾਰਤੀਯ ਇਤਿਹਾਸ | ||
| 942 |
_hV2:19(C9B2).P, 153Q2 _cTEXL _2cc |
||
| 999 |
_c1027430 _d1027430 |
||